03122nam a2200397 a 450000500170000000800410001702000080005804100080006609200190007410000270009324501200012025000110024026000600025130000160031150001840032765301100051165300960062165300800071765301950079765302930099265302210128565303490150665301440185565302670199965300710226670000280233770000250236570000300239070000330242070000270245370000300248070000300251094200120254099900150255295201570256720240503093650.0141203t1975||||ag a f |||| 001 0 spa d aS/I aspa c618.3l93sVOT1 aVotta, Roberto A.9275 aLíquido amniótico. bInvestigaciones clínicas aplicadas al conocimiento del estado fetal /cRoberto A. Votta. a1a ed. aBuenos Aires: bEditorial Médica Panamericana;c1975. a168 p.bIl. aVotta, R. A. et al. (1975). Líquido amniótico. Investigaciones clínicas aplicadas al conocimiento del estado fetal. (1a ed.). Buenos Aires : Editorial Médica Panamericana. aDinámica del líquido amniótico: Formación, circulación y reabsorción. Volumen. Composición. aTécnicas de la amniocentesis: Amniocentesis transparietoabdominal. Amniocentesis vaginal. aInconvenientes de la amniocentesis: Por vía abdominal. Por vía vaginal. aAplicaciones clínicas del estudio cotológico del líquido amniótico: Generalidades, aplicación. Origen de las células del líquido amniótico. Diagnóstico de la madurez fetal. aAplicaciones clínicas del estudio de la creatinina del líquido amniótico: Generalidades sobre concentración de creatinina. Madurez fetal y concentración de creatinina. Concentración de creatinina y peso fetal. Concentración de creatinina y volumen del líquido amniótico. aFosfolípidos del líquido y madurez pulmonar del feto: Valoración de la madurez pulmonar fetal. Valor del estudio de los fosfolipidos en los embarazos patológicos. Inducción enzimática de la madurez fetal. aVitalidad fetal y estudio del líquido amniótico: Determinación de la bililrrubina del líquido amniótico en la ertrobastosis fetal. Tensión de oxigeno y equilibrio ácido-base. Reacciones inmunológicas en el líquido amniótico de embarazadas chagásicas. Glucosa en elíquido amniótico. Estriol en el líquido amniótico. aAmniografías: Localización placentaria. Morfología del útero. Morfología del feto. Madurez fetal. Vitalidad fetal. Molagrafía.  aDiagnóstico prenatal de anomalías genéticas mediante el estudio del líquido amniótico: Técnica. Amniocentesis. Estudio de las células no cultivadas. Estudio de células cultivadas. Estudio de los componentes no celulares del líquido amniótico. aPosibilidades de la terapéutica fetal por vía intraamniótica1 aParada, Osvaldo H.92761 aGadow, Enrique936871 aWinograd, Raúl H.936881 aGregoretti, María A.936891 aSalcedo, Liliana936901 aMarchese, Carlos A.936911 aPastori, Ángel A.93692 2ddccBK c2126d2126 00102ddc4070aBFMbBFMcCRd2014-12-03eDonación Diciembre 2014l0o618.3 93 VOTp3422r2014-12-03tEj.1w2014-12-03yBKzDonación Diciembre 2014